Winners had most confessionals Quiz Stats

 Plays Quiz not verified by Sporcle

Challenge
Share
Tweet
Embed
Score 0/10 Timer 02:00
0 Plays Today
% Correct
Redemption Island
92.3%
Cagayan
92.3%
Borneo
84.6%
Vanuatu
84.6%
Tocantins
84.6%
One World
84.6%
Caramoan
84.6%
Blood vs Water
76.9%
Fiji
65.4%
China
65.4%

You're not logged in!

Compare scores with friends on all Sporcle quizzes.
OR
Log In

You Might Also Like...

Show Comments

Extras

Top Quizzes Today


Score Distribution

Your Account Isn't Verified!

In order to create a playlist on Sporcle, you need to verify the email address you used during registration. Go to your Sporcle Settings to finish the process.

Report this User

Report this user for behavior that violates our Community Guidelines.

Details: